| 000 | 00607nam a2200217Ia 4500 | ||
|---|---|---|---|
| 003 | OSt | ||
| 005 | 20230427105624.0 | ||
| 008 | 210423s2007 xx 000 0 und d | ||
| 020 | _a81-7649-005-9 | ||
| 040 | _cAL | ||
| 041 | _aeng | ||
| 082 |
_a427 SPEV _223 |
||
| 100 |
_aSPEARS (Richard A) _993803 |
||
| 245 | _aViva's dictionary of american slang and colloquial expressions | ||
| 250 | _a2 | ||
| 260 |
_aNew Delhi _bViva Books Pvt Ltd _c2007 |
||
| 300 |
_axviii,555 _bPB |
||
| 365 |
_b225 _cINR |
||
| 906 | _aamerican ; colloquial ; dictionary ; expressions ; s ; slang ; Viva | ||
| 942 |
_2ddc _cBK |
||
| 999 |
_c161783 _d161783 |
||